[Event "Malaya Zemlya Rapid op"]
[Site "Novorossiysk"]
[Date "2021.07.10"]
[Round "1"]
[White "Lyadov, Kirill"]
[Black "Demidov, Mikhail"]
[Result "0-1"]
[WhiteElo "1444"]
[BlackElo "2530"]
[PlyCount "80"]
[EventDate "2021.07.10"]
[EventType "swiss (rapid)"]
[EventRounds "9"]
[EventCountry "RUS"]
[SourceTitle "CBM 203 Extra"]
[Source "ChessBase"]
[SourceDate "2021.09.30"]
[SourceVersion "1"]
[SourceVersionDate "2021.09.30"]
[SourceQuality "1"]

1. e4 Nf6 2. e5 Nd5 3. d4 d6 4. c4 Nb6 5. exd6 cxd6 6. Nc3 g6 7. g3 Bg7 8. Bg2 Nc6 9. Nge2 0-0 10. b3 Bg4 11. f3 Bf5 12. 0-0 e5 13. dxe5 dxe5 14. Bb2 Qe7 15. Ne4 Rfd8 16. Qc1 Rac8 17. Ba3 Nb4 18. Bxb4 Qxb4 19. Qc3 Qe7 20. Qb2 Be6 21. N2c3 f5 22. Nf2 Qb4 23. Qc2 e4 24. Rac1 Nxc4 25. bxc4 Rxc4 26. a3 Qxc3 27. Qxc3 Rxc3 28. Rxc3 Bxc3 29. fxe4 b6 30. exf5 Bxf5 31. Ne4 Bb2 32. a4 Rd4 33. Rf4 Kg7 34. Nf2 Rxf4 35. gxf4 Bd7 36. Nd3 Bd4+ 37. Kf1 Bxa4 38. Ke1 a5 39. Kd2 Kf6 40. Be4 Bd7 0-1